The Problem of the Wire Cage (Record no. 1996)

000 -LEADER
fixed length control field 00632nam a22002177a 4500
003 - CONTROL NUMBER IDENTIFIER
control field OSt
005 - DATE AND TIME OF LATEST TRANSACTION
control field 20210416110139.0
008 - FIXED-LENGTH DATA ELEMENTS--GENERAL INFORMATION
fixed length control field 210223s1970 ||||| |||| 00| 0 eng d
020 ## - INTERNATIONAL STANDARD BOOK NUMBER
International Standard Book Number 425019071
040 ## - CATALOGING SOURCE
Original cataloging agency eng
Language of cataloging eng
Transcribing agency DLC
041 ## - LANGUAGE CODE
Language code of text/sound track or separate title eng
080 ## - UNIVERSAL DECIMAL CLASSIFICATION NUMBER
Universal Decimal Classification number 821.111
Item number C-25
100 ## - MAIN ENTRY--PERSONAL NAME
9 (RLIN) 1082
Personal name Carr, Dickson. John
245 ## - TITLE STATEMENT
Title The Problem of the Wire Cage
Statement of responsibility, etc. / by: Berkley Publishing Corporation
260 ## - PUBLICATION, DISTRIBUTION, ETC.
Place of publication, distribution, etc. New York
Name of publisher, distributor, etc. Berkley Publishing Corporation
Date of publication, distribution, etc. 1970
300 ## - PHYSICAL DESCRIPTION
Extent 223 p.
365 ## - TRADE PRICE
Price amount 0.75 usd
650 #0 - SUBJECT ADDED ENTRY--TOPICAL TERM
9 (RLIN) 254
Topical term or geographic name entry element English literature
653 ## - INDEX TERM--UNCONTROLLED
Uncontrolled term ინგლისური ლიტერატურა
942 ## - ADDED ENTRY ELEMENTS (KOHA)
Source of classification or shelving scheme
Koha item type Books
Holdings
Withdrawn status Lost status Source of classification or shelving scheme Damaged status Not for loan Permanent location Current location Date acquired Inventory number Total Checkouts Full call number Barcode Date last seen Price effective from Koha item type
          Ken Walker International University Ken Walker International University 03/05/2021 1699   821.111 C-25 1699 03/05/2021 03/05/2021 Books

Powered by Koha